LEADER 03593nam 22007214a 450 001 9910454924903321 005 20200520144314.0 010 $a0-674-02865-1 024 7 $a10.4159/9780674028654 035 $a(CKB)1000000000786857 035 $a(OCoLC)431378830 035 $a(CaPaEBR)ebrary10312788 035 $a(SSID)ssj0000136731 035 $a(PQKBManifestationID)11146237 035 $a(PQKBTitleCode)TC0000136731 035 $a(PQKBWorkID)10087365 035 $a(PQKB)10826585 035 $a(MiAaPQ)EBC3300083 035 $a(DE-B1597)457564 035 $a(OCoLC)1013955224 035 $a(OCoLC)1029820477 035 $a(OCoLC)1032691516 035 $a(OCoLC)1037971510 035 $a(OCoLC)1042028587 035 $a(OCoLC)1046616666 035 $a(OCoLC)1047000180 035 $a(OCoLC)979621184 035 $a(DE-B1597)9780674028654 035 $a(Au-PeEL)EBL3300083 035 $a(CaPaEBR)ebr10312788 035 $a(OCoLC)923109039 035 $a(EXLCZ)991000000000786857 100 $a20050324d2006 uy 0 101 0 $aeng 135 $aurcn||||||||| 181 $ctxt 182 $cc 183 $acr 200 10$aDemons and the making of the monk$b[electronic resource] $espiritual combat in early Christianity /$fDavid Brakke 210 $aCambridge, Mass. $cHarvard University Press$d2006 215 $a1 online resource (323 p.) 300 $aBibliographic Level Mode of Issuance: Monograph 311 $a0-674-01875-3 320 $aIncludes bibliographical references (p. 251-294) and index. 327 $tFrontmatter -- $tAcknowledgments -- $tContents -- $tI. The Monk in Combat -- $t1. The Single One: The Monk against the Demons -- $t2. The New Martyr and Holy Man: Athanasius of Alexandria's Life of Antony -- $t3. The Gnostic: Evagrius Ponticus -- $t4. The Vigilant Brother: Pachomius and the Pachomian Koinonia -- $t5. The Prophet: Shenoute and the White Monastery -- $tII. War Stories -- $t6. "The Holy and Great Fathers": Monks, Demons, and Storytelling -- $t7. Ethiopian Demons: The Monastic Self and the Diabolical Other -- $t8. Manly Women, Female Demons, and Other Amazing Sights: Gender in Combat -- $t9. From Gods to Demons: Making Monks, Making Christians -- $tAfterword: The Inner Battle -- $tAbbreviations Notes Selected Bibliography Index -- $tAbbreviations -- $tNotes -- $tSelected Bibliography -- $tIndex 330 $aIn this finely written study of demonology and Christian spirituality in fourth- and fifth-century Egypt, David Brakke examines how the conception of the monk as a holy and virtuous being was shaped by the combative encounter with demons. Drawing on biographies of exceptional monks, collections of monastic sayings and stories, letters from ascetic teachers to their disciples, sermons, and community rules, Brakke crafts a compelling picture of the embattled religious celibate. 606 $aMonastic and religious life$zEgypt$xHistory$yEarly church, ca. 30-600 606 $aDemonology$zEgypt$xHistory of doctrines$yEarly church, ca. 30-600 606 $aSpiritual warfare$zEgypt$xHistory$yTo 1500 608 $aElectronic books. 615 0$aMonastic and religious life$xHistory 615 0$aDemonology$xHistory of doctrines 615 0$aSpiritual warfare$xHistory 676 $a271/.009/015 686 $aBO 2560$2rvk 700 $aBrakke$b David$0476411 801 0$bMiAaPQ 801 1$bMiAaPQ 801 2$bMiAaPQ 906 $aBOOK 912 $a9910454924903321 996 $aDemons and the making of the monk$92479285 997 $aUNINA LEADER 01797oam 2200253z- 450 001 9910162733603321 005 20230913112557.0 010 $a1-62517-639-2 035 $a(CKB)3710000001043884 035 $a(BIP)043036905 035 $a(EXLCZ)993710000001043884 100 $a20210505c2013uuuu -u- - 101 0 $aeng 200 10$aEnslaved In Shadows 210 $cKats Kreative Ideas 215 $a1 online resource (336 p.) 311 $a0-615-74160-6 330 8 $aA man's Past leads to his Future......Agent Stone of the Shadow Unit's job is simple, most days. Work in the Shadows, police his own Kind.When an unwanted assignment turns out to be his darkest fantasy from the past, Draven can't help but be conflicted by the memories of the past and his responsibilities in the future. But his decision has been made.The Heart of a woman is Tested........Jes can't let the tall dark agent back into her life.How can she trust any man after what she's endured. Years of abuse have broken her down and she doesn't have room for more. The man she turns to for help hasn't abused her physically but he's tormented her emotionally. A past betrayal left her scarred, but also brought her life.Can she accept him into her heart and trust him again?One will survive and adapt, the other will realize hearts can be mended even if it's a bit too late.The road to forgiveness sometimes only brings more pain. Unexpected events set their lives on two separate tracks leading to one outcome. Lives will be changed and an emotional battle to save their souls will leave them both trapped and enslaved in their need for one another. 610 $aFiction 700 $aEden$b Tigris$01024240 906 $aBOOK 912 $a9910162733603321 996 $aEnslaved In Shadows$93597829 997 $aUNINA